[Event "Chigorin Memorial 30th"]
[Site "St Petersburg"]
[Date "2023.10.29"]
[Round "9"]
[White "Paliy, Vladimir"]
[Black "Dmitriev, Maksim S"]
[Result "1-0"]
[WhiteElo "1832"]
[BlackElo "1419"]
[PlyCount "148"]
[EventDate "2023.10.21"]
[EventType "swiss"]
[EventRounds "9"]
[EventCountry "RUS"]
[SourceTitle "Mega2024 Update 01"]
[Source "Chessbase"]
[SourceDate "2023.11.12"]
[SourceVersion "1"]
[SourceVersionDate "2023.11.12"]
[SourceQuality "1"]

1. e4 e6 2. d4 d5 3. Nc3 Bb4 4. e5 c5 5. a3 Ba5 6. b4 cxd4 7. Qg4 Kf8 8. Nb5 Bb6 9. Nf3 Nc6 10. Bb2 a6 11. Nbxd4 Bxd4 12. Bxd4 Nxd4 13. Qxd4 Ne7 14. Bd3 Bd7 15. 0-0 Bb5 16. Bxb5 axb5 17. Qc5 Qd7 18. Nd4 Rc8 19. Qxb5 Qxb5 20. Nxb5 Nf5 21. c3 Ke7 22. a4 f6 23. f4 Ne3 24. Rf3 Nc4 25. Re1 f5 26. Re2 h6 27. h4 g5 28. hxg5 hxg5 29. fxg5 Rcg8 30. Rg3 Rh5 31. Nd4 Rgxg5 32. Rxg5 Rxg5 33. Nf3 Rg3 34. a5 f4 35. Ra2 Rg8 36. b5 Ra8 37. a6 bxa6 38. Rxa6 Rb8 39. Nd4 Kd7 40. Rxe6 Rxb5 41. Rf6 Rb1+ 42. Kh2 Nxe5 43. Rxf4 Rc1 44. Nf3 Nxf3+ 45. Rxf3 Rc2 46. Re3 Kc6 47. Kh3 Kc5 48. g4 d4 49. cxd4+ Kxd4 50. Re1 Kd5 51. Kh4 Rh2+ 52. Kg5 Rh8 53. Kf6 Rf8+ 54. Kg7 Rf4 55. g5 Kd6 56. g6 Rh4 57. Re8 Kd7 58. Rh8 Rf4 59. Rf8 Rh4 60. Rf5 Ke6 61. Rf3 Rg4 62. Kh6 Rg1 63. Kh7 Rh1+ 64. Kg8 Ke7 65. Kg7 Re1 66. Rf5 Re2 67. Rf7+ Ke6 68. Kf8 Ra2 69. Kg8 Ra8+ 70. Rf8 Ra1 71. g7 Ke7 72. Rb8 Ra2 73. Rb7+ Kf6 74. Rb6+ Kg5 1-0

[Event "Chigorin Memorial 29th"]
[Site "St Petersburg"]
[Date "2022.10.27"]
[Round "6"]
[White "Mashkov, Viacheslav"]
[Black "Dmitriev, Maksim S"]
[Result "1-0"]
[WhiteElo "1639"]
[BlackElo "1367"]
[PlyCount "69"]
[EventDate "2022.10.22"]
[EventType "swiss"]
[EventRounds "9"]
[EventCountry "RUS"]
[SourceTitle "EXT 2024"]
[Source "ChessBase"]
[SourceDate "2023.10.10"]
[SourceVersion "1"]
[SourceVersionDate "2023.10.10"]
[SourceQuality "1"]

1. e4 e6 2. d4 d5 3. e5 c5 4. c3 Qb6 5. Nf3 Nc6 6. a3 c4 7. Nbd2 Na5 8. Be2 Bd7 9. 0-0 Ne7 10. Rb1 Qc7 11. Ra1 Nc8 12. Ng5 h6 13. Nh3 Nb6 14. f4 0-0-0 15. g4 Be7 16. f5 f6 17. fxe6 Bxe6 18. Nf4 Bf7 19. Qc2 Kb8 20. b4 cxb3 21. Nxb3 Nxb3 22. Qxb3 fxe5 23. Nd3 Be6 24. Nxe5 Bd6 25. Bf4 Rhe8 26. Rab1 Bd7 27. Bg3 Ba4 28. Qb2 Re7 29. Rf3 Be8 30. Bb5 Kc8 31. a4 Bxb5 32. Qxb5 Bxe5 33. Bxe5 Qd7 34. Qc5+ Qc6 35. Qxe7 1-0

[Event "Chigorin Memorial 29th"]
[Site "St Petersburg"]
[Date "2022.10.23"]
[Round "2"]
[White "Dmitriev, Maksim S"]
[Black "Khokhlova, Daria"]
[Result "0-1"]
[WhiteElo "1367"]
[BlackElo "2117"]
[PlyCount "62"]
[EventDate "2022.10.22"]
[EventType "swiss"]
[EventRounds "9"]
[EventCountry "RUS"]
[SourceTitle "EXT 2024"]
[Source "ChessBase"]
[SourceDate "2023.10.10"]
[SourceVersion "1"]
[SourceVersionDate "2023.10.10"]
[SourceQuality "1"]

1. d4 Nf6 2. Nf3 b6 3. e3 Bb7 4. b3 g6 5. Bb2 Bg7 6. c4 0-0 7. Nbd2 d6 8. Be2 Nbd7 9. 0-0 c5 10. d5 e5 11. Qc2 Ne8 12. Ne1 f5 13. f4 Qe7 14. Rf2 Nef6 15. g3 exf4 16. exf4 Rae8 17. Ng2 Qf7 18. Bf3 a6 19. Rb1 b5 20. a3 Re7 21. Kf1 Rfe8 22. Kg1 Bc8 23. Kf1 Nb6 24. a4 Ng4 25. Bxg4 fxg4 26. Nh4 Bxb2 27. Qxb2 bxc4 28. bxc4 Nxc4 29. Nxc4 Qxd5 30. Ne5 Rb7 31. Qc2 Rxb1+ 0-1